| 000 | 01167cam a22003617a 4500 | ||
|---|---|---|---|
| 001 | 7074 | ||
| 003 | FISKH | ||
| 005 | 20250620091922.0 | ||
| 008 | 130805t20132005nyua 001 0 eng d | ||
| 010 | _a 2013427253 | ||
| 020 | _a9781465409454 (hbk.) | ||
| 020 | _a1465409459 (hbk.) | ||
| 020 | _a9781465409447 (pbk.) | ||
| 020 | _a1465409440 (pbk.) | ||
| 040 |
_aCXP _cCXP _dDLC _beng |
||
| 050 | _aQL76.P46 | ||
| 082 | _a590 | ||
| 100 | _aAnonymous | ||
| 245 | 0 | 0 | _aPetting zoo / |
| 260 |
_aNew York : _bDK Publishing, _c2013. |
||
| 300 |
_a32 pages : _bcolor illustrations ; _c23 cm |
||
| 490 | 1 |
_aDK readers : _vLearning to read Pre-level 1 |
|
| 500 | _aIncludes index. | ||
| 505 | _aG | ||
| 520 |
_aIntroducing words such as donkey, pony, pig, chick, lamb, frog, rabbit, and guinea pig, this book describes the activities of children who visit a petting zoo -- _cSource other than Library of Congress. |
||
| 521 | 8 |
_a380
_bLexile |
|
| 521 | 8 |
_aG
_bRaz-Plus |
|
| 650 | 0 |
_aPetting zoos _vJuvenile literature. |
|
| 650 | 0 | _aPetting zoos. | |
| 906 |
_a7 _bcbc _ccopycat _d2 _encip _f20 _gy-gencatlg |
||
| 942 |
_2ddc _cBK _n0 |
||
| 999 |
_c7074 _d7074 |
||